Zwycięzcy konkursów Pucharu Świata 2016/17 w skokach narciarskich - Statystyki

Ogólne statystyki
  • Ten quiz został rozwiązany 38 razy
  • Średni wynik to 26 z 27
Statystyki odpowiedzi
Data Miejscowość Skocznia Narodowość Zwycięzca % Poprawnych
25.11.2016 Ruka duża Słowenia Domen Prevc
100%
4.12.2016 Klingenthal duża Słowenia Domen Prevc
100%
10.12.2016 Lillehammer duża Słowenia Domen Prevc
100%
18.12.2016 Engelberg duża Słowenia Domen Prevc
100%
11.12.2016 Lillehammer duża Polska Kamil Stoch
100%
6.01.2017 Bischofshofen duża Polska Kamil Stoch
100%
14.01.2017 Wisła duża Polska Kamil Stoch
100%
15.01.2017 Wisła duża Polska Kamil Stoch
100%
22.01.2017 Zakopane duża Polska Kamil Stoch
100%
12.02.2017 Sapporo duża Polska Kamil Stoch
100%
19.03.2017 Vikersund mamucia Polska Kamil Stoch
100%
Słowenia Peter Prevc
100%
30.12.2016 Oberstdorf duża Austria Stefan Kraft
100%
4.02.2017 Oberstdorf mamucia Austria Stefan Kraft
100%
5.02.2017 Oberstdorf mamucia Austria Stefan Kraft
100%
15.02.2017 Pjongczang duża Austria Stefan Kraft
100%
12.03.2017 Oslo duża Austria Stefan Kraft
100%
16.03.2017 Trondheim duża Austria Stefan Kraft
100%
24.03.2017 Planica mamucia Austria Stefan Kraft
100%
26.03.2017 Planica mamucia Austria Stefan Kraft
100%
11.02.2017 Sapporo duża Polska Maciej Kot
92%
16.02.2017 Pjongczang normalna Polska Maciej Kot
92%
29.01.2017 Willingen duża Niemcy Andreas Wellinger
81%
26.11.2016 Ruka duża Niemcy Severin Freund
81%
1.01.2017 Garmisch-Partenkirchen duża Norwegia Daniel-André Tande
78%
4.01.2017 Innsbruck duża Norwegia Daniel-André Tande
78%
17.12.2016 Engelberg duża Austria Michael Hayböck
75%
Nie znaleziono quizów pasujących do podanych kryteriów
Rozkład punktacji
Procent ludzi z każdym wynikiem
Percentyl według liczby udzielonych odpowiedzi
Twoja historia wyników
Nie rozwiązałeś tego quizu